MARC

LEADER 00000nam0a2200000 4500
001 321935
005 20231102003426.0
035 |a (RuTPU)RU\TPU\book\347491 
090 |a 321935 
100 |a 20160909d1934 m y0rusy50 ca 
101 0 |a rus 
102 |a RU 
105 |a a j 000zy 
200 1 |a Элементы архитектурно-пространственной композиции  |e учебное пособие  |f В. Ф. Кринский, И. В. Ламцов, М. А. Туркус 
210 |a Москва  |a Ленинград  |c Госстройиздат  |d 1934 
215 |a 172 с.  |c ил. 
606 1 |a Композиция в архитектуре  |2 stltpush  |3 (RuTPU)RU\TPU\subj\15055  |9 41353 
610 1 |a архитектура 
610 1 |a архитектурно-пространственные композиции 
610 1 |a архитектурно-пространственные формы 
610 1 |a пропорции 
610 1 |a композиции 
610 1 |a геометрические формы 
610 1 |a пропорции 
610 1 |a архитектурное проектирование 
610 1 |a учебные пособия 
675 |a 72.01(075.8)  |v 4 
700 1 |a Кринский  |b В. Ф. 
701 1 |a Ламцов  |b И. В. 
701 1 |a Туркус  |b М. А. 
801 1 |a RU  |b 63413507  |c 20160909 
801 2 |a RU  |b 63413507  |c 20200902  |g RCR 
942 |c BK